History Quiz

Random History Quiz

Alphabetical native American tribe names Quiz Stats

 Plays Quiz not verified by Sporcle

Score 0/60 Timer 10:00
0 Plays Today
% Correct
Apache
87.5%
Cherokee
77.1%
Sioux
77.1%
Cree
75%
Comanche
70.8%
Navajo
66.7%
Iroquois
64.6%
Blackfoot
62.5%
Algonquin
60.4%
Arapaho
58.3%
Cheyenne
58.3%
Crow
56.3%
Seminole
56.3%
Dakota
54.2%
Lakota
54.2%
Nez Perce
54.2%
Ute
54.2%
Mohawk
52.1%
Hopi
50%
Huron
45.8%
Zuni
45.8%
Aleut
43.8%
Osage
41.7%
Pueblo
41.7%
Chippewa
37.5%
Oneida
37.5%
Seneca
33.3%
Yuma
31.3%
Kickapoo
29.2%
Micmac
29.2%
% Correct
Ojibwa
29.2%
Cayuga
27.1%
Winnebago
27.1%
Chinook
25%
Yakima
22.9%
Narragansett
20.8%
Pequot
20.8%
Tillamook
20.8%
Wampanoag
20.8%
Cayuse
18.8%
Natchez
18.8%
Yupik
18.8%
Abenaki
16.7%
Klickitat
16.7%
Salish
16.7%
Coeur d'Alene
14.6%
Onandaga
12.5%
Passamaquoddy
12.5%
Lenni Lenape
10.4%
Chappaquiddick
8.3%
Coctaw
8.3%
Nanticoke
8.3%
Yurok
8.3%
Conestoga
6.3%
Massasoit
6.3%
Inupiat
4.2%
Quinnipiac
4.2%
Nootka
2.1%
Huichol
0%
Snohomish
0%

You're not logged in!

Compare scores with friends on all Sporcle quizzes.
OR
Log In

Show Comments

Extras

Created Feb 19, 2012ReportNominate
Tags:alphabetical, America, native, tribe

Top Quizzes Today


Score Distribution

Your Account Isn't Verified!

In order to create a playlist on Sporcle, you need to verify the email address you used during registration. Go to your Sporcle Settings to finish the process.

Report this User

Report this user for behavior that violates our Community Guidelines.

Details: